000 01182nam a2200325 a 4500
001 000006787
003 DO-SdBNP
005 20240305101500.0
008 090902s2000 dr ad 001 0 spa d
020 _z9993439310
040 _aDO-SdBNP
_bspa
_cBNPHU
082 _a467.97293
_bA325n
100 1 _aAlba, Orlando,
_d1948-
_916426
245 1 0 _aNuevos aspectos del español en Santo Domingo /
_cOrlando Alba ; prólogo Manuel Alvar.
260 _aSanto Domingo :
_bLa Trinitaria,
_c2000.
300 _a172 p. :
_bil., gráfcs. ;
_c22 cm.
500 _aIncluye bibliografía y notas al pie de páginas.
500 _aIncluye datos biográficos del autor en las solapas de la cubierta.
504 _aBibliografía : p. 165-172
590 _aInventariado, 2018/LP
650 4 _aDominicanismos
_913083
650 4 _aEspañol en república dominicana
_918785
650 4 _aEspañol
_xDialectos
_zRepública Dominicana
_918732
650 4 _aEspañol
_xPronunciación
_92218
650 4 _aEspañol
_xFonética
_918781
650 4 _aLenguaje y lenguas
_9407
700 1 _aAlvar, Manuel,
_d1923-2001
_epról.
_915784
910 _aValidado. Control de calidad EMS
942 _2ddc
_cLBS1
999 _c6575
_d6575